Statistics for Famous Indian and Pakistani People

Click here to take the quiz!

General Stats

  • This quiz has been taken 532 times
    (476 since last reset)
  • The average score is 13 of 24

Answer Stats

CluePerson% Correct
"Father of the Nation"Mahatma Gandhi
90%
Cricketer who was elected
Prime Minister in 2018
Imran Khan
81%
Female Prime MinisterBenazir Bhutto
76%
"Father of the Nation"Muhammad Ali Jinnah
74%
Current prime ministerNarendra Modi
74%
Youngest Nobel Prize winnerMalala Yousafzai
69%
First Indian Prime MinisterJawaharlal Nehru
62%
Miss World 2000 who married
Nick Jonas in 2018
Priyanka Chopra
60%
One Direction former memberZayn Malik
60%
Nobel Peace Prize-winning nunMother Teresa
58%
Cricketer aka "Boom Boom"Shahid Afridi
55%
Longest-serving prime ministerNawaz Sharif
54%
Mughal Emperor who
commissioned Taj Mahal
Shah Jahan
52%
Cricketer with the highest
run-scores of all time
Sachin Tendulkar
49%
Founder of SikhismGuru Nanak
46%
Pakistani Dictator, 2001-2008Pervez Musharraf
44%
First Sikh Prime MinisterManmohan Singh
42%
Protagonist of the Jungle BookMowgli
42%
"Sultan of Swing" cricketerWasim Akram
40%
Philanthropist who founded
world's largest volunteer
ambulance network
Abdul Sattar Edhi
31%
"Great" Mauryan EmperorAshoka
30%
"The Satanic Verses" authorSalman Rushdie
29%
Actress from "The Office" who
now has her own project
Mindy Kaling
25%
Sitarist who collaborated
with George Harrison
Ravi Shankar
19%

Score Distribution

Percentile by Number Answered

Percent of People with Each Score

Your Score History

You have not taken this quiz since the last reset